Balcon murivukal(ബാൾക്കൻ മുറിവുകൾ) (Record no. 115334)

MARC details
000 -LEADER
fixed length control field 00254 a2200097 4500
020 ## - INTERNATIONAL STANDARD BOOK NUMBER
International Standard Book Number 9789370987197
100 ## - MAIN ENTRY--PERSONAL NAME
Personal name V. Musafar Ahammed
245 ## - TITLE STATEMENT
Title Balcon murivukal(ബാൾക്കൻ മുറിവുകൾ)
260 ## - PUBLICATION, DISTRIBUTION, ETC. (IMPRINT)
Name of publisher, distributor, etc D C books
Date of publication, distribution, etc 2026
942 ## - ADDED ENTRY ELEMENTS (KOHA)
Koha item type On order/under processing
Holdings
Withdrawn status Lost status Damaged status Not for loan Home library Current library Date acquired Source of acquisition Cost, normal purchase price Total Checkouts Barcode Date last seen Cost, replacement price Price effective from Koha item type
        University Library University Library 02/03/2026 275 280.01   00097418 02/03/2026 420.00 02/03/2026 On order/under processing
University Library, CUSAT